[Event "Villarrica op 1st"]
[Site "Villarrica"]
[Date "2021.02.27"]
[Round "1"]
[White "Mayeregger, Arnold"]
[Black "Lugo, Tatiana"]
[Result "1/2-1/2"]
[WhiteElo "2121"]
[BlackElo "1252"]
[PlyCount "105"]
[EventDate "2021.02.27"]
[EventType "swiss"]
[EventRounds "7"]
[EventCountry "PAR"]
[SourceTitle "EXT 2022"]
[Source "ChessBase"]
[SourceDate "2021.10.06"]
[SourceVersion "1"]
[SourceVersionDate "2021.10.06"]
[SourceQuality "1"]

1. e4 d5 2. exd5 Qxd5 3. Nc3 Qd8 4. Nf3 Bg4 5. Bc4 Bxf3 6. Qxf3 Nf6 7. 0-0 c6 8. d3 e6 9. Re1 Be7 10. a3 0-0 11. Bf4 Nbd7 12. Rad1 Nd5 13. Bd2 Nxc3 14. Bxc3 Bf6 15. Bxf6 Nxf6 16. d4 Qb6 17. Qb3 Qxb3 18. Bxb3 Rfd8 19. f3 Rac8 20. Kf2 Kf8 21. g4 Nd5 22. c4 Nf4 23. Re4 Ng6 24. Kg3 Rd7 25. h4 Rcd8 26. h5 Ne7 27. Kf2 b5 28. cxb5 cxb5 29. Ke3 Nd5+ 30. Bxd5 Rxd5 31. Rc1 Ke7 32. Rc7+ R5d7 33. Rxd7+ Rxd7 34. Re5 Rd5 35. Rxd5 exd5 36. a4 b4 37. a5 Kd6 38. g5 f6 39. Kf4 Ke6 40. a6 b3 41. Kg4 f5+ 42. Kf4 g6 43. hxg6 hxg6 44. Ke3 Kd6 45. Kd3 Kc6 46. Kc3 Kb5 47. Kxb3 Kxa6 48. Ka4 f4 49. Kb4 Kb6 50. b3 a5+ 51. Ka4 Ka6 52. b4 axb4 53. Kxb4 1/2-1/2

[Event "Pan American-ch U16 Girls"]
[Site "Guayaquil"]
[Date "2019.07.25"]
[Round "7"]
[White "Lugo, Tatiana"]
[Black "Lugo, Sabrina"]
[Result "1/2-1/2"]
[WhiteElo "1242"]
[BlackElo "1093"]
[PlyCount "88"]
[EventDate "2019.07.21"]
[EventType "swiss"]
[EventRounds "9"]
[EventCountry "ECU"]
[SourceTitle "EXT 2020"]
[Source "ChessBase"]
[SourceDate "2019.10.17"]
[SourceVersion "1"]
[SourceVersionDate "2019.10.17"]
[SourceQuality "1"]

1. e4 e5 2. Nf3 Nc6 3. Bc4 Bc5 4. Nc3 Nf6 5. d3 d6 6. Bg5 h6 7. Bh4 Nd4 8. Nd5 g5 9. Bg3 Bg4 10. Ne3 Nxf3+ 11. gxf3 Bd7 12. c3 a6 13. Qb3 b5 14. Bxf7+ Kf8 15. Bg6 Qe7 16. Bf5 Bxe3 17. fxe3 Bxf5 18. exf5 Qf7 19. Qxf7+ Kxf7 20. e4 c5 21. h3 Rac8 22. a4 Ra8 23. axb5 axb5 24. Kf2 Ke7 25. b3 Rhc8 26. Rhd1 h5 27. Ke3 Rd8 28. c4 b4 29. h4 g4 30. fxg4 Nxg4+ 31. Kf3 Kf6 32. Be1 Kf7 33. Bd2 Re8 34. Bg5 Rec8 35. Ke2 Re8 36. Rf1 Rec8 37. Kd2 Re8 38. Kc2 Rec8 39. Kb2 Re8 40. f6 Rh8 41. Rf5 Rxa1 42. Kxa1 Ra8+ 43. Kb2 Rh8 44. Rf1 Ra8 1/2-1/2

[Event "Pan American-ch U16 Girls"]
[Site "Guayaquil"]
[Date "2019.07.24"]
[Round "6"]
[White "Lugo, Tatiana"]
[Black "Salcedo Suquisupa, Ingrid Sthephania"]
[Result "0-1"]
[WhiteElo "1242"]
[BlackElo "1220"]
[PlyCount "148"]
[EventDate "2019.07.21"]
[EventType "swiss"]
[EventRounds "9"]
[EventCountry "ECU"]
[SourceTitle "EXT 2020"]
[Source "ChessBase"]
[SourceDate "2019.10.17"]
[SourceVersion "1"]
[SourceVersionDate "2019.10.17"]
[SourceQuality "1"]

1. d4 d5 2. Bf4 e6 3. Nf3 Nf6 4. e3 a6 5. h3 Bd7 6. Bd3 Nc6 7. c3 Ne7 8. 0-0 Ng6 9. Bh2 Bc6 10. Nbd2 Bd6 11. Ne5 0-0 12. Qc2 Bd7 13. Ndf3 c5 14. Nxd7 Bxh2+ 15. Nxh2 Nxd7 16. Qe2 Qb6 17. Rab1 e5 18. dxe5 Ndxe5 19. Bc2 Rad8 20. Rfd1 Qe6 21. b3 Rd6 22. Nf3 Rfd8 23. Ng5 Qf6 24. f4 Nc6 25. c4 Nb4 26. cxd5 Rxd5 27. Rxd5 Rxd5 28. Be4 Rd7 29. Qc4 Rc7 30. a3 b5 31. Qc1 Na2 32. Qd2 Nc3 33. Rc1 Nxe4 34. Nxe4 Qe7 35. Qd5 Rd7 36. Qc6 Rc7 37. Qa8+ Nf8 38. Kf2 c4 39. b4 Ra7 40. Qc6 h6 41. Nc5 Qf6 42. Qxf6 gxf6 43. Kf3 Ne6 44. Ne4 Kg7 45. g4 Rd7 46. h4 Rd3 47. Nc3 Nd4+ 48. Ke4 Nc6 49. Nb1 Kf8 50. Nc3 Ne7 51. f5 Nc6 52. Nb1 Ne5 53. Kf4 Ke7 54. Nc3 Rd2 55. a4 Nd3+ 56. Kf3 Nxc1 57. axb5 axb5 58. Nxb5 Rb2 59. Nd4 Nd3 60. Ke4 Nxb4 61. Nb5 Rg2 62. Kf3 Rc2 63. Na3 Rc3 64. Nb5 Rd3 65. Ke2 Nd5 66. e4 Re3+ 67. Kd2 Rxe4 68. g5 Rxh4 69. gxh6 Rxh6 70. Nd4 Rh2+ 71. Kc1 Kd6 72. Nb5+ Ke5 73. Na3 c3 74. Nc4+ Kxf5 0-1

[Event "South America-ch U20 Girls"]
[Site "Asuncion"]
[Date "2019.05.15"]
[Round "7"]
[White "Molina, Jessica"]
[Black "Lugo, Tatiana"]
[Result "1-0"]
[WhiteElo "1842"]
[BlackElo "1310"]
[PlyCount "71"]
[EventDate "2019.05.11"]
[EventType "swiss"]
[EventRounds "9"]
[EventCountry "PAR"]
[SourceTitle "CBM 190 Extra"]
[Source "ChessBase"]
[SourceDate "2019.07.15"]
[SourceVersion "1"]
[SourceVersionDate "2019.07.15"]
[SourceQuality "1"]

1. f4 e5 2. fxe5 d6 3. Nf3 Bg4 4. e4 dxe5 5. Be2 Bxf3 6. Bxf3 Qh4+ 7. g3 Qd8 8. d3 Bc5 9. Nd2 Qd4 10. Qe2 Qb4 11. c3 Qb5 12. Nb3 Bb6 13. Be3 c5 14. Rd1 Nd7 15. 0-0 Ngf6 16. Qf2 a5 17. d4 exd4 18. cxd4 c4 19. e5 cxb3 20. exf6 Nxf6 21. axb3 Qxb3 22. Bxb7 Rb8 23. Bc6+ Kf8 24. Bh6 Ng4 25. Qf4 Ba7 26. Bxg7+ Kxg7 27. Qxg4+ Kf8 28. Rxf7+ Qxf7 29. Rf1 Qxf1+ 30. Kxf1 Bb6 31. Qf5+ Kg7 32. Qg5+ Kf7 33. Bd5+ Ke8 34. Qf6 Kd7 35. Qf7+ Kd8 36. Be6 1-0

[Event "PAR-ch U18"]
[Site "Asuncion"]
[Date "2019.02.08"]
[Round "8"]
[White "Lugo, Tatiana"]
[Black "Perez Canete, Ivan"]
[Result "0-1"]
[WhiteElo "1272"]
[BlackElo "1622"]
[PlyCount "109"]
[EventDate "2019.02.04"]
[EventType "tourn"]
[EventRounds "9"]
[EventCountry "PAR"]
[SourceTitle "CBM 189 Extra"]
[Source "ChessBase"]
[SourceDate "2019.06.03"]
[SourceVersion "1"]
[SourceVersionDate "2019.06.03"]
[SourceQuality "1"]

1. d4 e6 2. Bf4 c5 3. e3 cxd4 4. exd4 d5 5. Nf3 Nc6 6. c3 Nf6 7. h3 Bd6 8. Ne5 Qc7 9. Qe2 Nd7 10. Nxc6 Bxf4 11. Nb4 0-0 12. Nd2 Bd6 13. Nf3 Bxb4 14. cxb4 e5 15. Qd2 exd4 16. Nxd4 Nf6 17. Be2 Bd7 18. 0-0 Rac8 19. Rfe1 h6 20. Bf3 Rfe8 21. Rxe8+ Rxe8 22. a4 a6 23. b3 Rc8 24. Re1 Qd6 25. Kf1 b5 26. axb5 Bxb5+ 27. Nxb5 axb5 28. Ra1 d4 29. Ra8 Rxa8 30. Bxa8 g5 31. h4 Qe5 32. hxg5 hxg5 33. Qe2 Qf5 34. Qd1 d3 35. Qd2 Qe5 36. f3 Qa1+ 37. Kf2 Qd4+ 38. Qe3 Qb2+ 39. Kg3 d2 40. Qxg5+ Kf8 41. Qc5+ Kg7 42. Qg5+ Kf8 43. Qh6+ Ke7 44. Qe3+ Kf8 45. Qc5+ Kg7 46. Qg5+ Kf8 47. Qh6+ Ke7 48. Qe3+ Kd6 49. Qc5+ Ke6 50. Qc8+ Ke5 51. f4+ Kd4 52. Qc5+ Kd3 53. Qxb5+ Kc2 54. Qc4+ Kb1 55. Qd3+ 0-1

[Event "Pan American-ch U16 Girls"]
[Site "Santiago de Chile"]
[Date "2018.07.22"]
[Round "1"]
[White "Lugo, Tatiana"]
[Black "Cardozo, Camila"]
[Result "0-1"]
[WhiteElo "1246"]
[BlackElo "1636"]
[PlyCount "68"]
[EventDate "2018.07.22"]
[EventType "swiss"]
[EventRounds "9"]
[EventCountry "CHI"]
[SourceTitle "EXT 2022"]
[Source "ChessBase"]
[SourceDate "2021.10.06"]
[SourceVersion "1"]
[SourceVersionDate "2021.10.06"]
[SourceQuality "1"]

1. d4 Nf6 2. Bf4 d5 3. Nf3 c5 4. e3 Nc6 5. Nbd2 Qb6 6. Rb1 Bf5 7. dxc5 Qxc5 8. Bd3 Bg4 9. h3 Bh5 10. Be2 e6 11. 0-0 Be7 12. Nb3 Qb6 13. Re1 0-0 14. Nfd4 Bxe2 15. Qxe2 Rac8 16. c3 Ne4 17. Qg4 Bf6 18. f3 Nc5 19. Bd6 Nxb3 20. Bxf8 Nbxd4 21. exd4 Rxf8 22. Re2 Ne5 23. Qg3 Nc4 24. b3 Rc8 25. Rbe1 Nd6 26. f4 Ne4 27. Qd3 Rxc3 28. Qb1 Bxd4+ 29. Kh2 Bf6 30. Rc2 Qc7 31. Rxc3 Qxf4+ 32. Kh1 Bxc3 33. Re2 Be5 34. g4 Ng3+ 0-1

[Event "South America-ch U20 Girls"]
[Site "Asuncion"]
[Date "2018.05.24"]
[Round "8"]
[White "Librelato, Kathie Goulart"]
[Black "Lugo, Tatiana"]
[Result "1-0"]
[WhiteElo "2047"]
[BlackElo "1215"]
[PlyCount "59"]
[EventDate "2018.05.20"]
[EventType "swiss"]
[EventRounds "9"]
[EventCountry "PAR"]
[SourceTitle "CBM 184 Extra"]
[Source "ChessBase"]
[SourceDate "2018.06.28"]
[SourceVersion "1"]
[SourceVersionDate "2018.06.28"]
[SourceQuality "1"]

1. e4 e5 2. Nf3 Nc6 3. Bb5 d6 4. d4 a6 5. Bxc6+ bxc6 6. dxe5 Qe7 7. Qd4 Bg4 8. Nbd2 f5 9. exf5 Bxf5 10. 0-0 dxe5 11. Nxe5 Qd6 12. Qf4 Ne7 13. Ndc4 Qf6 14. Re1 g6 15. g4 Nd5 16. Nxg6+ Kd8 17. Qxf5 hxg6 18. Qxf6+ Nxf6 19. Bg5 Bg7 20. Rad1+ Kc8 21. Re7 Rg8 22. Rxg7 Rxg7 23. Bxf6 Rg8 24. Kg2 Kb7 25. Rd7 Kc8 26. Rf7 Re8 27. Be5 Ra7 28. f4 Kd8 29. Kf3 Rh8 30. Bxh8 1-0

[Event "South America-ch U20 Girls"]
[Site "Asuncion"]
[Date "2018.05.22"]
[Round "5"]
[White "Lugo, Tatiana"]
[Black "Lugo, Sabrina"]
[Result "1/2-1/2"]
[WhiteElo "1215"]
[BlackElo "1180"]
[PlyCount "77"]
[EventDate "2018.05.20"]
[EventType "swiss"]
[EventRounds "9"]
[EventCountry "PAR"]
[SourceTitle "CBM 184 Extra"]
[Source "ChessBase"]
[SourceDate "2018.06.28"]
[SourceVersion "1"]
[SourceVersionDate "2018.06.28"]
[SourceQuality "1"]

1. d4 Nf6 2. Bf4 g6 3. e3 Bg7 4. c4 0-0 5. Nc3 d6 6. h3 Nbd7 7. Nf3 b6 8. Be2 Bb7 9. Qd3 e6 10. h4 Rb8 11. e4 a6 12. a4 a5 13. Rd1 Nh5 14. Bh2 Nhf6 15. Ng5 Ne8 16. f4 h6 17. Nf3 f5 18. e5 Bxf3 19. Qxf3 Qxh4+ 20. Qg3 Qxg3+ 21. Bxg3 dxe5 22. dxe5 Nc5 23. Bf2 Nb7 24. g4 c5 25. gxf5 Rxf5 26. Bg3 g5 27. Bg4 Rf8 28. Bxe6+ Kh8 29. fxg5 Kh7 30. Rd7 Kg6 31. gxh6 Bxh6 32. Ne4 Rd8 33. Rxb7 Rd4 34. Nc3 Bd2+ 35. Ke2 Bg5 36. Rxb6 Kg7 37. Bf2 Rd8 38. Bxc5 Rh8 39. Rb7+ 1/2-1/2

[Event "PAR-ch U16"]
[Site "Asuncion"]
[Date "2018.03.18"]
[Round "7.6"]
[White "Lugo, Tatiana"]
[Black "Cantero Acuna, Liz Fabiana"]
[Result "1-0"]
[WhiteElo "1071"]
[BlackElo "1250"]
[PlyCount "135"]
[EventDate "2018.03.16"]
[EventType "swiss"]
[EventRounds "7"]
[EventCountry "PAR"]
[SourceTitle "EXT 2023"]
[Source "ChessBase"]
[SourceDate "2022.10.05"]
[SourceVersion "1"]
[SourceVersionDate "2022.10.05"]
[SourceQuality "1"]

1. d4 d5 2. Bf4 Nf6 3. e3 Nc6 4. Nf3 Bf5 5. c4 e6 6. Qb3 Na5 7. Qb5+ c6 8. Qa4 dxc4 9. Nc3 b5 10. Qd1 Bb4 11. Nd2 Bxc3 12. bxc3 Nb7 13. a4 Ne4 14. Nxe4 Bxe4 15. f3 Bg6 16. axb5 cxb5 17. Be2 Qb6 18. 0-0 0-0 19. Kh1 Nd6 20. e4 Rfd8 21. Qb1 a6 22. Qb4 Ne8 23. Bxc4 Nd6 24. Be2 Qc6 25. Bd3 Nc4 26. Bxc4 Qxc4 27. Qxc4 bxc4 28. Rfb1 Rdc8 29. Ra4 f5 30. exf5 Bxf5 31. Rbb4 Bd3 32. Be5 Rc6 33. Rb7 g6 34. Rg7+ Kf8 35. Rxh7 Rac8 36. Rh8+ Ke7 37. Rxc8 Rxc8 38. Rxa6 Kf7 39. Ra7+ Ke8 40. Rg7 Rc6 41. h4 Ra6 42. Bf6 Kf8 43. g4 Ra1+ 44. Kg2 Rc1 45. d5 exd5 46. Rd7 Rc2+ 47. Kg3 Rc1 48. Rxd5 Rg1+ 49. Kf4 Rh1 50. h5 gxh5 51. Rxh5 Rf1 52. Rh2 Kf7 53. Bd4 Kg6 54. Rf2 Rh1 55. Ra2 Kf7 56. g5 Rh4+ 57. Kg3 Rh1 58. f4 Kg6 59. Ra6+ Kf7 60. Kg4 Be2+ 61. Kf5 Bd3+ 62. Ke5 Re1+ 63. Kd5 Rf1 64. Rf6+ Kg7 65. Ke6 Re1+ 66. Be5 Bf1 67. Ke7 Bd3 68. Rh6+ 1-0

[Event "PAR-ch U18"]
[Site "Asuncion"]
[Date "2018.03.11"]
[Round "5.10"]
[White "Arguello Pereira, Rodrigo"]
[Black "Lugo, Tatiana"]
[Result "0-1"]
[WhiteElo "1284"]
[BlackElo "1071"]
[PlyCount "142"]
[EventDate "2018.03.09"]
[EventType "swiss"]
[EventRounds "7"]
[EventCountry "PAR"]
[SourceTitle "EXT 2023"]
[Source "ChessBase"]
[SourceDate "2022.10.05"]
[SourceVersion "1"]
[SourceVersionDate "2022.10.05"]
[SourceQuality "1"]

1. e4 d6 2. d4 g6 3. Nf3 Bg7 4. Be3 Nf6 5. Nc3 0-0 6. h3 Nbd7 7. Qd2 Re8 8. Rd1 c6 9. e5 Nd5 10. Nxd5 cxd5 11. exd6 exd6 12. Be2 Nf6 13. Bd3 Ne4 14. Bxe4 dxe4 15. Nh2 d5 16. 0-0 Bf5 17. g4 Be6 18. f4 Qd6 19. Qg2 f5 20. gxf5 Bxf5 21. Kh1 Qe6 22. Qg3 Bxh3 23. Rg1 Qf5 24. Bd2 Bxd4 25. Bc3 Bxg1 26. Rxg1 Re6 27. Qh4 h5 28. Rg5 Qf7 29. Qxh3 Kf8 30. Rxd5 e3 31. Re5 Rf6 32. Qxe3 Rxf4 33. Bd2 Rh4 34. Qe1 Rc4 35. Bh6+ Kg8 36. Re7 Qf6 37. Re8+ Rxe8 38. Qxe8+ Kh7 39. Bc1 Qc6+ 40. Qxc6 Rxc6 41. c3 Re6 42. Nf3 Kg8 43. Kg1 Re2 44. Kf1 Rc2 45. Be3 Rxb2 46. Bxa7 Rxa2 47. Bd4 b5 48. Ke1 Kf7 49. Bh8 Ke6 50. Nd4+ Kd5 51. Nxb5 Rh2 52. Nd4 Ke4 53. Ne2 h4 54. Bd4 Kf3 55. Ng1+ Kg2 56. Ne2 Rh1+ 57. Kd2 Rf1 58. Be5 Rf2 59. Ke3 Rf3+ 60. Kd2 Kf1 61. Nd4 Rf2+ 62. Ke3 g5 63. Nf3 Re2+ 64. Kd3 g4 65. Nxh4 Rxe5 66. Ng6 Re8 67. c4 g3 68. Nf4 Rf8 69. Ke4 Rxf4+ 70. Kxf4 g2 71. Ke5 g1Q 0-1

[Event "PAR-ch U18"]
[Site "Asuncion"]
[Date "2018.03.11"]
[Round "6.9"]
[White "Lugo, Tatiana"]
[Black "Allo Collante, Violeta"]
[Result "1-0"]
[WhiteElo "1071"]
[BlackElo "1219"]
[PlyCount "71"]
[EventDate "2018.03.09"]
[EventType "swiss"]
[EventRounds "7"]
[EventCountry "PAR"]
[SourceTitle "EXT 2023"]
[Source "ChessBase"]
[SourceDate "2022.10.05"]
[SourceVersion "1"]
[SourceVersionDate "2022.10.05"]
[SourceQuality "1"]

1. d4 d5 2. Bf4 Bf5 3. c4 c6 4. Qb3 Qb6 5. c5 Qxb3 6. axb3 Nd7 7. Nf3 Ngf6 8. h3 e6 9. Nc3 Be7 10. e3 0-0 11. b4 b6 12. Ba6 Rfb8 13. Bxb8 Rxb8 14. Be2 a5 15. bxa5 bxa5 16. Na4 Bc2 17. Bd1 Bxa4 18. Bxa4 Rxb2 19. 0-0 Nb8 20. Rfb1 Rxb1+ 21. Rxb1 Nfd7 22. Rb7 f6 23. Bxc6 Nxc6 24. Rxd7 Bd8 25. Nd2 Kf8 26. Kf1 a4 27. Ke1 a3 28. Nb3 a2 29. Kd1 Ba5 30. Kc2 Nb4+ 31. Kb2 Nd3+ 32. Kxa2 Nxf2 33. Nxa5 Nd3 34. c6 Nb4+ 35. Kb3 Na6 36. c7 1-0

[Event "PAR-ch U18"]
[Site "Asuncion"]
[Date "2018.03.09"]
[Round "1.8"]
[White "Lugo, Tatiana"]
[Black "Carreras Colman, Luz Gabriela"]
[Result "0-1"]
[WhiteElo "1071"]
[BlackElo "1434"]
[PlyCount "64"]
[EventDate "2018.03.09"]
[EventType "swiss"]
[EventRounds "7"]
[EventCountry "PAR"]
[SourceTitle "EXT 2023"]
[Source "ChessBase"]
[SourceDate "2022.10.05"]
[SourceVersion "1"]
[SourceVersionDate "2022.10.05"]
[SourceQuality "1"]

1. d4 d5 2. Bf4 Nf6 3. e3 e6 4. Nf3 c5 5. Nbd2 Nc6 6. c3 Qb6 7. Qc2 Bd7 8. h3 Be7 9. b3 Rc8 10. Bd3 cxd4 11. exd4 Nb4 12. Qb1 Rxc3 13. Be2 Nc2+ 14. Kf1 Nxa1 15. Qxa1 Qc6 16. Nb1 Rc2 17. Bd3 Rc1+ 18. Bxc1 Qxc1+ 19. Ke2 Qxh1 20. Qc3 Qxg2 21. Ne5 0-0 22. Nxd7 Nxd7 23. Qc7 Rd8 24. Bb5 Qe4+ 25. Kd2 Qxb1 26. Bxd7 Qxa2+ 27. Kc3 Qa1+ 28. Kd3 Qa6+ 29. Kc3 Qb6 30. Qxb6 axb6 31. Bb5 Rc8+ 32. Kd3 Rc3+ 0-1

[Event "PAR-ch U20"]
[Site "Asuncion"]
[Date "2018.03.04"]
[Round "6.5"]
[White "Carreras Colman, Luz Gabriela"]
[Black "Lugo, Tatiana"]
[Result "1-0"]
[WhiteElo "1434"]
[BlackElo "1071"]
[PlyCount "177"]
[EventDate "2018.03.02"]
[EventType "swiss"]
[EventRounds "7"]
[EventCountry "PAR"]
[SourceTitle "EXT 2023"]
[Source "ChessBase"]
[SourceDate "2022.10.05"]
[SourceVersion "1"]
[SourceVersionDate "2022.10.05"]
[SourceQuality "1"]

1. d4 Nf6 2. Bf4 g6 3. Nf3 Bg7 4. h3 d6 5. e3 0-0 6. Bh2 b6 7. Be2 Bb7 8. c4 Nbd7 9. 0-0 e6 10. Nc3 a6 11. Rc1 Qe7 12. b3 Rfe8 13. d5 e5 14. e4 c6 15. Re1 b5 16. a3 Nc5 17. Nd2 Rab8 18. b4 Ncd7 19. f3 Qd8 20. Nb3 c5 21. cxb5 cxb4 22. axb4 axb5 23. Bxb5 Ba6 24. Bc6 Qb6+ 25. Kh1 Qxb4 26. Nd2 Rec8 27. Bg1 Nc5 28. Bxc5 dxc5 29. Qa4 Qxa4 30. Nxa4 Bb5 31. Rb1 Bxc6 32. Rxb8 Rxb8 33. dxc6 Rc8 34. Nxc5 Rxc6 35. Ndb3 Bf8 36. Rc1 Bxc5 37. Rxc5 Rb6 38. Na5 Rb1+ 39. Kh2 Rb2 40. Rxe5 Nh5 41. Nc4 Re2 42. Rg5 Nf4 43. Nb6 h6 44. Rg3 Rd2 45. Nc4 Re2 46. Kh1 Kf8 47. Rg4 Ne6 48. e5 Nd4 49. Rxd4 Re1+ 50. Kh2 Kg7 51. Kg3 Re2 52. Rd2 Re1 53. Kf2 Rc1 54. Nd6 Kf8 55. f4 Rc4 56. g3 Ke7 57. Ne4 Rc6 58. g4 Rc1 59. Nf6 Ke6 60. Rd6+ Ke7 61. Ng8+ Kf8 62. Nxh6 Kg7 63. Nxf7 Kxf7 64. f5 gxf5 65. gxf5 Rc4 66. Re6 Rc2+ 67. Kg3 Rc3+ 68. Kg4 Rc4+ 69. Kg5 Rc3 70. h4 Rg3+ 71. Kf4 Rg2 72. Kf3 Rg1 73. Rg6 Rf1+ 74. Kg4 Rg1+ 75. Kh5 Rf1 76. f6 Ke6 77. Rg5 Re1 78. Kg6 Rc1 79. h5 Rc8 80. f7 Ke7 81. Rf5 Kf8 82. h6 Rc6+ 83. Kg5 Rc1 84. Kg6 Rg1+ 85. Rg5 Rc1 86. h7 Rc6+ 87. Kh5 Kxf7 88. h8Q Rc1 89. Qf6+ 1-0

[Event "PAR-ch U20"]
[Site "Asuncion"]
[Date "2018.03.04"]
[Round "5.3"]
[White "Lugo, Tatiana"]
[Black "Mayeregger, Arnold"]
[Result "0-1"]
[WhiteElo "1071"]
[BlackElo "1830"]
[PlyCount "66"]
[EventDate "2018.03.02"]
[EventType "swiss"]
[EventRounds "7"]
[EventCountry "PAR"]
[SourceTitle "EXT 2023"]
[Source "ChessBase"]
[SourceDate "2022.10.05"]
[SourceVersion "1"]
[SourceVersionDate "2022.10.05"]
[SourceQuality "1"]

1. d4 Nf6 2. f4 g6 3. Nf3 Bg7 4. Nc3 d5 5. e3 0-0 6. Be2 c5 7. 0-0 b6 8. Qe1 Ba6 9. Bxa6 Nxa6 10. a3 Nc7 11. Qg3 Nce8 12. Ne5 Nd6 13. Qf3 e6 14. Bd2 Rc8 15. Rac1 b5 16. Ne2 Nfe4 17. Rcd1 f6 18. Ng4 a5 19. Nc3 b4 20. Nxe4 dxe4 21. Qh3 bxa3 22. bxa3 cxd4 23. exd4 h5 24. Ne3 f5 25. c3 Nc4 26. Nxc4 Rxc4 27. Rfe1 Qd5 28. Qg3 Kf7 29. Re3 Rb8 30. Qg5 Bf6 31. Qh6 Rh8 32. Qxh8 Bxh8 33. h3 Bf6 0-1

[Event "PAR-ch U20"]
[Site "Asuncion"]
[Date "2018.03.02"]
[Round "1.6"]
[White "Jodorcovsky, Paulo Leonardo"]
[Black "Lugo, Tatiana"]
[Result "1-0"]
[WhiteElo "1673"]
[BlackElo "1071"]
[PlyCount "79"]
[EventDate "2018.03.02"]
[EventType "swiss"]
[EventRounds "7"]
[EventCountry "PAR"]
[SourceTitle "EXT 2023"]
[Source "ChessBase"]
[SourceDate "2022.10.05"]
[SourceVersion "1"]
[SourceVersionDate "2022.10.05"]
[SourceQuality "1"]

1. d4 d5 2. c4 Nf6 3. cxd5 Nxd5 4. e4 Nf6 5. Nc3 Nc6 6. Nf3 e6 7. a3 Be7 8. Bc4 0-0 9. 0-0 a6 10. e5 Nd5 11. Bd3 f6 12. Qc2 f5 13. Nxd5 Qxd5 14. Bc4 Nxd4 15. Nxd4 Qxd4 16. Re1 b5 17. Bf1 Qc5 18. Qb3 Qd5 19. Qg3 g6 20. Bh6 Rf7 21. Rad1 Qc6 22. Be2 Qe4 23. Bf3 f4 24. Qg4 Qf5 25. Qxf5 Rxf5 26. Bxa8 g5 27. Rd4 Kf7 28. h4 gxh4 29. Rxf4 Rxf4 30. Bxf4 c5 31. Rc1 c4 32. Bd2 Kg6 33. a4 Bc5 34. Bc6 Bd4 35. Bc3 Ba7 36. axb5 axb5 37. Bxb5 h5 38. Bxc4 Kg5 39. Bd2+ Kf5 40. Bd3+ 1-0

[Event "South America School-ch 33rd"]
[Site "Cochabamba"]
[Date "2017.12.07"]
[Round "6.4"]
[White "Ruiz Jaraba, Valentina Sofia"]
[Black "Lugo, Tatiana"]
[Result "1-0"]
[WhiteElo "1559"]
[BlackElo "1071"]
[PlyCount "61"]
[EventDate "2017.12.05"]
[EventType "team-tourn"]
[EventRounds "9"]
[EventCountry "BOL"]
[SourceTitle "CBM 182 Extra"]
[Source "ChessBase"]
[SourceDate "2018.02.23"]
[SourceVersion "1"]
[SourceVersionDate "2018.02.23"]
[SourceQuality "1"]
[WhiteTeam "Colombia"]
[BlackTeam "Paraguay"]
[WhiteTeamCountry "COL"]
[BlackTeamCountry "PAR"]

1. e4 e5 2. Nf3 Nc6 3. Bb5 d6 4. c3 a6 5. Ba4 b5 6. Bc2 Bg4 7. 0-0 Nge7 8. d3 f5 9. h3 Bh5 10. Nbd2 Qd7 11. b4 h6 12. Qe1 Bg6 13. Nh4 d5 14. Nxg6 Nxg6 15. exf5 Qxf5 16. Nf3 Be7 17. Bb2 Rd8 18. a4 0-0 19. axb5 axb5 20. Qe2 d4 21. Ra6 dxc3 22. Rxc6 cxb2 23. d4 Qd7 24. Rxg6 exd4 25. Bb3+ Kh7 26. Rg4 c5 27. Qxb2 h5 28. Ne5 Qc7 29. Qe2 hxg4 30. Qe4+ Kh6 31. Qg6# 1-0

[Event "PAR-ch (Women)"]
[Site "Asuncion"]
[Date "2017.10.08"]
[Round "5"]
[White "Carreras Colman, Luz Gabriela"]
[Black "Lugo, Tatiana"]
[Result "1-0"]
[WhiteElo "1380"]
[BlackElo "1087"]
[PlyCount "58"]
[EventDate "2017.10.06"]
[EventType "swiss"]
[EventRounds "7"]
[EventCountry "PAR"]
[SourceTitle "CBM 181 Extra"]
[Source "ChessBase"]
[SourceDate "2017.12.12"]
[SourceVersion "1"]
[SourceVersionDate "2017.12.12"]
[SourceQuality "1"]

1. d4 d5 2. Nf3 Nc6 3. Bf4 Nf6 4. e3 e6 5. h3 Bd6 6. Ne5 Bd7 7. Be2 0-0 8. Nd2 h6 9. Ndf3 Ne4 10. Bh2 Qe7 11. 0-0 Rad8 12. Rc1 Bxe5 13. Nxe5 Nxe5 14. Bxe5 c6 15. c4 f6 16. Bh2 f5 17. c5 Nf6 18. Bd6 Qf7 19. Bxf8 Rxf8 20. a4 Re8 21. f4 Re7 22. b4 a5 23. Qb3 Ne4 24. Rfe1 Qf6 25. Qd1 Qh4 26. Rf1 g5 27. Qe1 Ng3 28. Rf3 g4 29. Rxg3 Rg7 1-0